[Event "Pillsbury"]
[Site "Gatineau CAN"]
[Date "2026.02.17"]
[Round "6"]
[White "Azar, Sebastien"]
[Black "Latreille, Etienne"]
[Result "1-0"]
[WhiteElo "2148"]
[BlackElo "1984"]
[WhiteFideId "-1"]
[BlackFideId "-1"]
[PlyCount "117"]
[GameId "2281124471561819"]
[EventDate "2026.01.05"]
[EventType "swiss"]
[EventRounds "7"]
[EventCountry "CAN"]
[TimeControl "90+30"]

1. e4 c5 2. Nf3 Nc6 3. d4 cxd4 4. Nxd4 g6 5. c4 Nf6 6. Nc3 Nxd4 7. Qxd4 d6 8. Be3 Bg7 9. f3 O-O 10. Qd2 a5 11. Be2 Be6 12. Rc1 Nd7 13. O-O Nc5 14. b3 Qb6 15. Nb5 Rfc8 16. Kh1 Qd8 17. Bd4 Qf8 18. Qe3 Bd7 19. Bxg7 Qxg7 20. Nc3 Bc6 21. f4 Re8 22. Bf3 Qh6 23. e5 Ne6 24. Bd5 Ng7 25. g4 dxe5 26. Qxe5 Qh4 27. f5 Ra6 28. fxg6 Bxd5+ 29. Qxd5 hxg6 30. Qxf7+ Kh7 31. Rce1 Rf6 32. Qd5 Ref8 33. Rg1 Rf2 34. Qe5 R8f4 35. Rg2 Rxg2 36. Qxf4 Qxe1+ 37. Kxg2 Qxc3 38. Qg5 Qf6 39. Qxa5 Ne6 40. Qd2 Nf4+ 41. Kg3 g5 42. Qe3 Qd6 43. c5 Qc6 44. Qxe7+ Kg6 45. Qd6+ Kf7 46. Qxc6 bxc6 47. h4 Nd3 48. hxg5 Nxc5 49. Kf3 Ke6 50. Ke3 Kd6 51. g6 Ne6 52. Ke4 Ng7 53. b4 Ke6 54. a4 Kd6 55. a5 Ne8 56. a6 Kc7 57. Ke5 Kb6 58. Ke6 Kxa6 59. Ke7 1-0

[Event "Pillsbury"]
[Site "Gatineau CAN"]
[Date "2026.02.17"]
[Round "6"]
[White "Zebaze, Dylane"]
[Black "Arsenault, Michel"]
[Result "0-1"]
[WhiteElo "1912"]
[BlackElo "1666"]
[WhiteFideId "-1"]
[BlackFideId "-1"]
[PlyCount "80"]
[GameId "2281124471606876"]
[EventDate "2026.01.05"]
[EventType "swiss"]
[EventRounds "7"]
[EventCountry "CAN"]

1. d4 Nf6 2. Nc3 d5 3. Bf4 e6 4. Nb5 Na6 5. e3 c6 6. Nc3 Bd6 7. Bxa6 bxa6 8. Bxd6 Qxd6 9. Na4 Nd7 10. Ne2 O-O 11. Nc1 c5 12. Nd3 cxd4 13. exd4 e5 14. O-O e4 15. Ndc5 f5 16. Nxd7 Bxd7 17. Nc5 Rae8 18. a4 Bc8 19. Ra3 f4 20. f3 e3 21. Qe2 Bf5 22. Rc3 Rf6 23. Nd3 Bxd3 24. Qxd3 Qb4 25. Rb3 Qxa4 26. Rb7 Rc8 27. c3 Qc4 28. Qb1 Rc7 29. Rb8+ Rc8 30. Rb7 Rc7 31. Rb4 Qc6 32. Qa2 Rb7 33. Ra4 Rxb2 34. Qxb2 Qxa4 35. Qb7 Qc4 36. Rb1 h6 37. Qd7 Qa2 38. Rb8+ Kh7 39. h3 Qf2+ 40. Kh2 Rg6 0-1

[Event "Pillsbury"]
[Site "Gatineau CAN"]
[Date "2026.02.17"]
[Round "6"]
[White "Charette, Mathieu"]
[Black "Hourigan, Phelan"]
[Result "1-0"]
[WhiteElo "1400"]
[BlackElo "1107"]
[WhiteFideId "-1"]
[BlackFideId "-1"]
[PlyCount "149"]
[GameId "2281124471615069"]
[EventDate "2026.01.05"]
[EventType "swiss"]
[EventRounds "7"]
[EventCountry "CAN"]

1. e4 e5 2. Nf3 Nc6 3. d4 d6 4. Bc4 Nf6 5. Ng5 d5 6. exd5 Nxd5 7. Nxf7 Kxf7 8. Qf3+ Ke6 9. Nc3 Bb4 10. O-O Bxc3 11. bxc3 Na5 12. Qg4+ Kf7 13. Qf3+ Ke6 14. Bb3 Nxb3 15. cxb3 Rf8 16. Qg3 Qf6 17. Bg5 Qf5 18. Rae1 Kf7 19. Rxe5 Qd7 20. c4 Nf6 21. Bxf6 gxf6 22. Rd5 Qg4 23. Qxc7+ Kg8 24. h3 Qg7 25. Qxg7+ Kxg7 26. Re1 b6 27. a4 Kg6 28. c5 Bb7 29. Rd6 Rad8 30. Ree6 Rxd6 31. Rxd6 bxc5 32. dxc5 Rc8 33. b4 Be4 34. f3 Bc2 35. a5 Rb8 36. Rd4 Kf5 37. Kf2 Ke5 38. Ke3 Ba4 39. f4+ Kf5 40. g4+ Kg6 41. h4 Re8+ 42. Re4 Rxe4+ 43. Kxe4 Bc6+ 44. Kd4 f5 45. g5 Kh5 46. Ke5 Kg4 47. h5 Kxh5 48. Kxf5 Bd7+ 49. Kf6 Kg4 50. Ke5 Be8 51. Ke4 a6 52. Ke5 Bd7 53. Kd6 Bc8 54. Ke5 Kh5 55. c6 Kg6 56. c7 Kf7 57. f5 Ke7 58. f6+ Kf7 59. Kd6 Ke8 60. Kc6 Kf7 61. b5 axb5 62. Kxb5 Be6 63. a6 Ke8 64. a7 Kd7 65. Kb6 Bd5 66. f7 Bxf7 67. a8=Q Ke6 68. c8=Q+ Ke5 69. Qc5+ Kf4 70. Qaf8 h5 71. gxh6 Ke4 72. Qxf7 Kd3 73. Qff5+ Ke2 74. Qff2+ Kd3 75. Qfe3# 1-0

[Event "Pillsbury"]
[Site "Gatineau CAN"]
[Date "2026.02.17"]
[Round "6"]
[White "Thompson, Francis"]
[Black "Lattafi, Youcef"]
[Result "0-1"]
[WhiteElo "1831"]
[BlackElo "2104"]
[WhiteFideId "-1"]
[BlackFideId "-1"]
[PlyCount "70"]
[GameId "2281124471635551"]
[EventDate "2026.01.05"]
[EventType "swiss"]
[EventRounds "7"]
[EventCountry "CAN"]

1. c4 e5 2. Nc3 d6 3. g3 f5 4. Bg2 Nf6 5. d3 Be7 6. Nf3 O-O 7. O-O Qe8 8. Nd5 Nxd5 9. cxd5 c6 10. d4 e4 11. Ng5 Bxg5 12. Bxg5 cxd5 13. Qb3 Qf7 14. Qa3 Nc6 15. e3 Be6 16. h4 Qc7 17. Rfc1 h6 18. Bf4 Rfd8 19. b4 a6 20. Bf1 Qe7 21. h5 Qe8 22. Be2 Bf7 23. Qb3 Kh8 24. b5 axb5 25. Qxb5 Rd7 26. g4 fxg4 27. Bxg4 Be6 28. f3 Bxg4 29. fxg4 Qe6 30. Qe2 Rf8 31. Rd1 Rdf7 32. Bg3 Rf3 33. Kh2 Qxg4 34. Rg1 Qxh5+ 35. Kg2 Rxg3+ 0-1

[Event "Pillsbury"]
[Site "Gatineau CAN"]
[Date "2026.02.17"]
[Round "6"]
[White "Tsanov, Denise"]
[Black "Filion, Samuel"]
[Result "0-1"]
[WhiteElo "1402"]
[BlackElo "1854"]
[WhiteFideId "-1"]
[BlackFideId "-1"]
[PlyCount "84"]
[GameId "2281124471643744"]
[EventDate "2026.01.05"]
[EventType "swiss"]
[EventRounds "7"]
[EventCountry "CAN"]

1. e4 e6 2. d4 d5 3. exd5 exd5 4. Bf4 Bd6 5. Bxd6 Qxd6 6. c3 Nf6 7. Nf3 O-O 8. Be2 Bf5 9. O-O Nbd7 10. Nbd2 Rfe8 11. Re1 Re7 12. Qb3 Rae8 13. Bf1 b6 14. Rxe7 Rxe7 15. Re1 Ne4 16. Nxe4 Bxe4 17. Re3 Bxf3 18. Rxf3 Re1 19. g3 Qe6 20. Kg2 Nf6 21. Bd3 Ne4 22. Bxe4 Qxe4 23. Qb5 Qe2 24. Qxe2 Rxe2 25. Re3 Rxe3 26. fxe3 f5 27. Kf3 Kf7 28. b3 Kf6 29. c4 c6 30. h3 Ke6 31. Kf4 h6 32. g4 fxg4 33. Kxg4 g6 34. h4 Kf6 35. c5 bxc5 36. dxc5 Ke5 37. b4 a6 38. a4 d4 39. e4 Kxe4 40. Kg3 Kd5 41. Kf3 Kc4 42. b5 Kxc5 0-1

[Event "Pillsbury"]
[Site "Gatineau CAN"]
[Date "2026.02.17"]
[Round "6"]
[White "Blais, Robert"]
[Black "Brault, Jean-Francois"]
[Result "1/2-1/2"]
[WhiteElo "1241"]
[BlackElo "1533"]
[WhiteFideId "-1"]
[BlackFideId "-1"]
[PlyCount "158"]
[GameId "2281124471656034"]
[EventDate "2026.01.05"]
[EventType "swiss"]
[EventRounds "7"]
[EventCountry "CAN"]
[TimeControl "90+30"]

1. e4 c5 2. Nf3 b6 3. c4 Bb7 4. d3 Nc6 5. Be3 g6 6. Qd2 Bg7 7. Be2 e5 8. Nc3 Nge7 9. Bh6 O-O 10. O-O a6 11. Nh4 Nd4 12. Bxg7 Kxg7 13. f4 Nec6 14. Nf3 d6 15. fxe5 dxe5 16. Nd5 Nxf3+ 17. Rxf3 Nd4 18. Rf2 Bxd5 19. cxd5 Qd6 20. Raf1 f6 21. Qe3 a5 22. Bd1 Ra7 23. g4 Raf7 24. Qh3 Qd7 25. Qh4 h6 26. Qg3 Qd6 27. h4 g5 28. Rh2 b5 29. Kg2 b4 30. Rfh1 Rh8 31. Ba4 Ne2 32. Qe3 Nf4+ 33. Kg3 Rc7 34. Bc6 Nxd3 35. hxg5 fxg5 36. Rh5 Nf4 37. R5h2 Rf7 38. Rc1 Rhf8 39. Rxc5 Nd3 40. Rxa5 Rf3+ 41. Qxf3 Rxf3+ 42. Kxf3 Qf8+ 43. Ke3 Qf4+ 44. Kxd3 Qxh2 45. d6 Qxb2 46. Kc4 Qd4+ 47. Kb5 Qxd6 48. Ra7+ Kf6 49. Bd5 Qb8+ 50. Rb7 Qc8 51. Rb6+ Kg7 52. Kxb4 Qxg4 53. Rb7+ Kf8 54. a4 Qd1 55. a5 Qd4+ 56. Kb5 Qd3+ 57. Kb6 g4 58. a6 Qd4+ 59. Kc6 Qa4+ 60. Kb6 Qd4+ 61. Kc7 Qc5+ 62. Kb8 Qd6+ 63. Ka7 Qc5+ 64. Ka8 Qc8+ 65. Rb8 Qxb8+ 66. Kxb8 g3 67. Bc4 g2 68. a7 g1=Q 69. a8=Q Qb6+ 70. Qb7 Qd8+ 71. Qc8 Qxc8+ 72. Kxc8 Ke7 73. Be2 Kf6 74. Bg4 Kg5 75. Bf5 h5 76. Kd7 Kf4 77. Ke6 h4 78. Kf6 h3 79. Bxh3 Kxe4 1/2-1/2

[Event "Pillsbury"]
[Site "Gatineau CAN"]
[Date "2026.02.17"]
[Round "6"]
[White "Gagne, Raphael"]
[Black "Filion, Yves"]
[Result "0-1"]
[WhiteElo "1483"]
[BlackElo "1436"]
[WhiteFideId "-1"]
[BlackFideId "-1"]
[PlyCount "118"]
[GameId "2281124471660131"]
[EventDate "2026.01.05"]
[EventType "swiss"]
[EventRounds "7"]
[EventCountry "CAN"]
[BlackTeam "CA"]
[TimeControl "90+30"]

1. e4 e6 2. d4 d5 3. Nd2 dxe4 4. Nxe4 Nd7 5. Nf3 Ngf6 6. Bd3 Nxe4 7. Bxe4 Nf6 8. Bd3 c5 9. Bg5 cxd4 10. Bb5+ Bd7 11. Nxd4 Bxb5 12. Bxf6 gxf6 13. Nxb5 Qa5+ 14. Nc3 Bb4 15. Qf3 Qe5+ 16. Qe3 Qxe3+ 17. fxe3 Bxc3+ 18. bxc3 Rc8 19. Rb1 b6 20. Kd2 Ke7 21. Rb4 e5 22. Ra4 Rhd8+ 23. Kc1 a5 24. Rd1 Rxd1+ 25. Kxd1 Rxc3 26. Kd2 Rc8 27. Rh4 Rh8 28. g3 f5 29. Kd3 b5 30. g4 Rd8+ 31. Ke2 fxg4 32. Rxh7 Rc8 33. Kd2 Rc4 34. Rh5 f6 35. Rh7+ Ke6 36. Rb7 Rc5 37. e4 b4 38. Ra7 Rc4 39. Ra6+ Kf7 40. Rxa5 Rxe4 41. a4 bxa3 42. Rxa3 Rf4 43. Ke2 Kg6 44. Re3 Kf5 45. h3 gxh3 46. Rxh3 Ke4 47. c4 Kd4 48. Ra3 e4 49. Kd2 f5 50. Ra4 Rf2+ 51. Ke1 e3 52. Ra8 Kxc4 53. Rc8+ Kd4 54. Rd8+ Ke4 55. Re8+ Kf3 56. Rf8 f4 57. Re8 Rg2 58. Kd1 Rg1+ 59. Kc2 e2 0-1

[Event "Pillsbury"]
[Site "Gatineau CAN"]
[Date "2026.02.17"]
[Round "6"]
[White "St-Amour, Mathieu"]
[Black "Rioux, Jocelyn"]
[Result "0-1"]
[WhiteElo "1360"]
[BlackElo "1498"]
[WhiteFideId "-1"]
[BlackFideId "-1"]
[PlyCount "116"]
[GameId "2281124471823972"]
[EventDate "2026.01.05"]
[EventType "swiss"]
[EventRounds "7"]
[EventCountry "CAN"]

1. Nf3 Nf6 2. c4 c6 3. Nc3 d5 4. e3 Bf5 5. Qb3 Qb6 6. cxd5 Qxb3 7. axb3 cxd5 8. d4 a6 9. b4 Nc6 10. b5 Nb4 11. Ra4 a5 12. b6 Nd3+ 13. Bxd3 Bxd3 14. Ne5 Be4 15. Nxe4 Nxe4 16. O-O e6 17. Nd3 Be7 18. f3 Nd6 19. b4 O-O 20. bxa5 Nc4 21. Rf2 Nxb6 22. Ra1 Nc4 23. Rfa2 Ra6 24. Nc5 Bxc5 25. dxc5 Rc8 26. e4 Rxc5 27. exd5 exd5 28. Re2 Kf8 29. Bf4 Rcxa5 30. Rae1 Ra8 31. Rb1 Ra1 32. Rxa1 Rxa1+ 33. Kf2 h6 34. h4 b5 35. Be5 Nxe5 36. Rxe5 b4 37. Rxd5 b3 38. Rd8+ Ke7 39. Rb8 Ra2+ 40. Ke3 b2 41. Kd3 Ke6 42. Kc2 b1=Q+ 43. Kxb1 Rxg2 44. Rb6+ Kf5 45. Rb7 f6 46. Rb4 Rf2 47. Rb7 Kg6 48. Rb3 Kh5 49. Rb7 g5 50. hxg5 hxg5 51. Rh7+ Kg6 52. Rh3 Kf5 53. Kc1 Kf4 54. Kd1 Rxf3 55. Rh6 f5 56. Ke1 g4 57. Rh1 Kg3 58. Kd2 Kg2 0-1

[Event "Pillsbury"]
[Site "Gatineau CAN"]
[Date "2026.02.17"]
[Round "6"]
[White "Chenier, Raphael"]
[Black "Scrieciu, Cristian"]
[Result "0-1"]
[WhiteElo "1588"]
[BlackElo "1717"]
[WhiteFideId "-1"]
[BlackFideId "-1"]
[PlyCount "84"]
[GameId "2281124471828069"]
[EventDate "2026.01.05"]
[EventType "swiss"]
[EventRounds "7"]
[EventCountry "CAN"]

1. e4 c5 2. Nc3 Nc6 3. Bb5 Nd4 4. a4 a6 5. Bc4 e6 6. Nge2 Nf6 7. d3 d5 8. exd5 exd5 9. Ba2 Nxe2 10. Qxe2+ Be7 11. Bg5 O-O 12. O-O Be6 13. Rae1 h6 14. Bh4 Qd7 15. f4 Rfe8 16. Bxf6 Bxf6 17. Qh5 Bd4+ 18. Kh1 Bxc3 19. bxc3 Rad8 20. h3 f6 21. a5 Bf7 22. Rxe8+ Rxe8 23. Qf3 c4 24. dxc4 dxc4 25. Rd1 Qa4 26. Bb1 Qxa5 27. Qxb7 Qxc3 28. Kh2 Qe3 29. c3 Qxf4+ 30. Kh1 Qg3 31. Rf1 Qxc3 32. Qd7 Qe5 33. Bh7+ Kxh7 34. Qxf7 Qe6 35. Rxf6 Qxf7 36. Rxf7 Rc8 37. Rf2 Kg6 38. Kg1 c3 39. Rc2 Kf5 40. Kf2 Ke4 41. Ke2 Kd4 42. Kf3 Kd3 0-1

[Event "Pillsbury"]
[Site "Gatineau CAN"]
[Date "2026.02.17"]
[Round "6"]
[White "Rhayem, Haythem"]
[Black "Schaper, Grant"]
[Result "0-1"]
[WhiteElo "1511"]
[BlackElo "1356"]
[WhiteFideId "-1"]
[BlackFideId "-1"]
[PlyCount "150"]
[GameId "2281124471832166"]
[EventDate "2026.01.05"]
[EventType "swiss"]
[EventRounds "7"]
[EventCountry "CAN"]

1. c4 e6 2. g3 d5 3. Bg2 Nc6 4. Nf3 Nf6 5. O-O Be7 6. b3 O-O 7. Bb2 Nd7 8. Nc3 Bf6 9. d4 dxc4 10. bxc4 Nb6 11. Ne4 Nxc4 12. Bc3 Be7 13. Rb1 Rb8 14. a4 Bd7 15. Ned2 Nxd2 16. Qxd2 Bf6 17. e4 h6 18. h4 a6 19. e5 Be7 20. Ne1 Qc8 21. Qe2 Nd8 22. Nd3 Bxa4 23. Rfc1 Bc6 24. Bh3 Bd5 25. Nb4 Bxb4 26. Bxb4 Re8 27. Bd2 Nc6 28. Qg4 Kh8 29. Rc5 Qd7 30. Rbc1 Rec8 31. Bf1 Ne7 32. Qh5 Nc6 33. Bxh6 gxh6 34. Qxh6+ Kg8 35. Bd3 f5 36. exf6 Qf7 37. g4 Nxd4 38. Qf4 Nf3+ 39. Kf1 c6 40. Rxd5 Nd2+ 41. Qxd2 exd5 42. g5 Re8 43. Qf4 Rf8 44. Kg2 Rbe8 45. f3 Re6 46. h5 Qxh5 47. Rh1 Qf7 48. Qh4 Re2+ 49. Bxe2 Qg6 50. Qh8+ Kf7 51. Rh7+ Ke6 52. Re7+ Kd6 53. Qxf8 Qxg5+ 54. Kf2 Qh4+ 55. Ke3 Qg5+ 56. Kd3 Qf5+ 57. Re4+ Kc7 58. Qe7+ Kb6 59. Qb4+ Ka7 60. Qc5+ Kb8 61. Qd6+ Ka7 62. Kd4 Qg6 63. Qc5+ Kb8 64. Rf4 Qg1+ 65. Ke5 Qxc5 66. f7 Qe7+ 67. Kd4 Qf8 68. Bd3 Kc7 69. Bf1 Kd6 70. Bh3 c5+ 71. Kc3 b5 72. Bc8 b4+ 73. Kb3 a5 74. Ba6 Ke5 75. Rh4 Qxf7 0-1

[Event "Pillsbury"]
[Site "Gatineau CAN"]
[Date "2026.02.17"]
[Round "6"]
[White "Desroches, Maxime"]
[Black "Bourbeau, Florent"]
[Result "0-1"]
[WhiteElo "1529"]
[BlackElo "1627"]
[WhiteFideId "-1"]
[BlackFideId "-1"]
[PlyCount "118"]
[GameId "2281124471840359"]
[EventDate "2026.01.05"]
[EventType "swiss"]
[EventRounds "7"]
[EventCountry "CAN"]

1. e4 e5 2. Nf3 Nf6 3. Nxe5 d6 4. Nf3 Nxe4 5. Nc3 Nxc3 6. dxc3 Be7 7. Bf4 O-O 8. Qd2 Nd7 9. Be2 Nc5 10. O-O Bf5 11. Nd4 Qd7 12. Nxf5 Qxf5 13. Bf3 Ne6 14. Be3 Bg5 15. Rfe1 Bxe3 16. Rxe3 Ng5 17. Bd5 c6 18. Bb3 d5 19. Rae1 Qf6 20. Qd4 Qxd4 21. cxd4 Ne6 22. c3 Rae8 23. Bc2 g6 24. Kf1 Nc7 25. Re7 Rxe7 26. Rxe7 Rc8 27. f4 Kf8 28. Re5 f6 29. Re3 Re8 30. Kf2 Rxe3 31. Kxe3 f5 32. Kf3 Ne8 33. h3 Nd6 34. g4 Kf7 35. Bd3 b5 36. gxf5 gxf5 37. Be2 Ne4 38. Ke3 Ke6 39. Bh5 Nd6 40. Be2 Nc8 41. Bd3 Nb6 42. b3 a5 43. Kf3 Kf6 44. Kg3 a4 45. Kf3 Nc8 46. c4 dxc4 47. bxc4 Nd6 48. cxb5 cxb5 49. d5 b4 50. Bc2 a3 51. Ke3 Ne4 52. Kd4 Nd2 53. d6 b3 54. d7 Ke7 55. axb3 a2 56. Kc3 a1=Q+ 57. Kxd2 Qd4+ 58. Ke2 Qxf4 59. Kd3 Kxd7 0-1

[Event "Pillsbury"]
[Site "Gatineau CAN"]
[Date "2026.02.17"]
[Round "6"]
[White "Piche, Danielle"]
[Black "Thibeault, Alain"]
[Result "0-1"]
[WhiteElo "881"]
[BlackElo "1166"]
[WhiteFideId "-1"]
[BlackFideId "-1"]
[PlyCount "136"]
[GameId "2281124471848553"]
[EventDate "2026.01.05"]
[EventType "swiss"]
[EventRounds "7"]
[EventCountry "CAN"]

1. e4 c5 2. Nf3 e6 3. d4 cxd4 4. Nxd4 a6 5. Be3 Nc6 6. Nc3 Bb4 7. Qd2 Nf6 8. f3 d5 9. O-O-O dxe4 10. Nxc6 Qxd2+ 11. Bxd2 bxc6 12. fxe4 O-O 13. e5 Ng4 14. Ne4 Bxd2+ 15. Rxd2 Nxe5 16. g3 a5 17. Nc5 a4 18. a3 Ra5 19. Nd3 h6 20. Bg2 Nc4 21. Re2 Bd7 22. Rd1 e5 23. Nb4 Bg4 24. Re4 Bxd1 25. Rxc4 Be2 26. Rxc6 Rd8 27. c3 Ra7 28. Bh3 Bf3 29. Rc5 Re8 30. Kd2 e4 31. Ke3 Rd8 32. Nc6 Rd3+ 33. Kf4 g5+ 34. Ke5 Rb7 35. Ra5 e3 36. Nb4 Re7+ 37. Kf6 Rd1 38. Kxe7 e2 39. Nc2 Kg7 40. Rf5 e1=Q+ 41. Nxe1 Rxe1+ 42. Kd6 g4 43. Bxg4 Bxg4 44. Ra5 Bd1 45. c4 Re6+ 46. Kd7 Rb6 47. c5 Rxb2 48. c6 Rc2 49. c7 Rd2+ 50. Kc6 Bf3+ 51. Kb6 Rd6+ 52. Kc5 Rc6+ 53. Kb5 Rxc7 54. Rxa4 Bc6+ 55. Kb6 Bxa4 56. Kxc7 Kg6 57. h4 Kh5 58. Kb6 Kg4 59. Ka5 Bd1 60. Kb4 Kxg3 61. Kc3 Kxh4 62. Kd2 Ba4 63. Kc3 Kg3 64. Kb4 Be8 65. Kc3 h5 66. Kd2 Kf3 67. Kd1 Kg2 68. Ke2 h4 0-1

[Event "Pillsbury"]
[Site "Gatineau CAN"]
[Date "2026.02.10"]
[Round "5"]
[White "Scrieciu, Cristian"]
[Black "Azar, Sebastien"]
[Result "1/2-1/2"]
[WhiteElo "1717"]
[BlackElo "2148"]
[WhiteFideId "-1"]
[BlackFideId "-1"]
[PlyCount "96"]
[GameId "2281124471856747"]
[EventDate "2026.01.05"]
[EventType "swiss"]
[EventRounds "7"]
[EventCountry "CAN"]

1. e4 c5 2. Nf3 d6 3. d4 cxd4 4. Nxd4 Nf6 5. Nc3 a6 6. Be2 e5 7. Nb3 Be7 8. Be3 Be6 9. f4 O-O 10. f5 Bd7 11. Qd3 b5 12. a3 Bc6 13. Nd5 Nbd7 14. Nxe7+ Qxe7 15. Bf3 Nxe4 16. O-O-O Ndc5 17. Nxc5 dxc5 18. Bxe4 c4 19. f6 gxf6 20. Bxh7+ Kg7 21. Qd6 Qe6 22. Qxe6 fxe6 23. Rd6 Rac8 24. Rxe6 Kxh7 25. Rd1 Kg6 26. g3 Kf5 27. Red6 Rf7 28. Bg1 a5 29. Rf1+ Kg6 30. Bb6 Bg2 31. Rf2 Rc6 32. Rxc6 Bxc6 33. Bxa5 Rd7 34. Rd2 Rh7 35. Bc3 Kf5 36. Rf2+ Ke6 37. Kd2 Bd5 38. Ke3 f5 39. Bb4 Rh3 40. Kd2 Kf6 41. Bd6 Ke6 42. Bc5 Kf6 43. Bb6 Ke6 44. Bc5 Be4 45. Be3 Kd5 46. Bb6 Rh6 47. Be3 Rh3 48. Bb6 Rh6 1/2-1/2

[Event "Pillsbury"]
[Site "Gatineau CAN"]
[Date "2026.02.10"]
[Round "5"]
[White "Gagne, Learry"]
[Black "Blais, Robert"]
[Result "0-1"]
[WhiteElo "1297"]
[BlackElo "1241"]
[WhiteFideId "-1"]
[BlackFideId "-1"]
[PlyCount "90"]
[GameId "2281124471869039"]
[EventDate "2026.01.05"]
[EventType "swiss"]
[EventRounds "7"]
[EventCountry "CAN"]

1. d4 Nf6 2. c4 d6 3. Nc3 Bf5 4. e3 Nc6 5. Bd3 Qd7 6. Nf3 Nb4 7. e4 Bg4 8. O-O g6 9. a3 Nc6 10. Be2 Bg7 11. d5 Bxf3 12. Bxf3 Ne5 13. Be2 Qc8 14. Rb1 c5 15. b3 O-O 16. Bb2 a6 17. h3 Qc7 18. f4 Ned7 19. g4 e5 20. g5 Ne8 21. f5 f6 22. h4 h6 23. gxh6 Bxh6 24. Bc1 Bxc1 25. Qxc1 gxf5 26. exf5 Rf7 27. Ne4 Rh7 28. Qe1 Ng7 29. Qg3 Rh6 30. Kh2 Kf7 31. Kg2 Rg8 32. Bg4 Nh5 33. Qf3 Nf4+ 34. Kf2 Rxh4 35. Rg1 Rh2+ 36. Ke3 Re2+ 37. Qxe2 Nxe2 38. Kxe2 Ke7 39. Rg2 Qd8 40. Rbg1 Qf8 41. Kf3 Qh6 42. Ke2 Qf4 43. Nf2 Qd4 44. Rb1 e4 45. Kf1 e3 0-1

[Event "Pillsbury"]
[Site "Gatineau CAN"]
[Date "2026.02.24"]
[Round "7"]
[White "Lattafi, Youcef"]
[Black "Scrieciu, Cristian"]
[Result "1-0"]
[WhiteElo "2104"]
[BlackElo "1717"]
[WhiteFideId "-1"]
[BlackFideId "-1"]
[PlyCount "69"]
[GameId "2281831754399844"]
[EventDate "2026.01.05"]
[EventType "swiss"]
[EventRounds "7"]
[EventCountry "CAN"]
[TimeControl "5400+30"]

1. e4 c5 2. Nf3 e6 3. d4 cxd4 4. Nxd4 a6 5. Bd3 Bc5 6. Nb3 Ba7 7. Qe2 Ne7 8. Be3 Nbc6 9. Bxa7 Rxa7 10. Nc3 b5 11. O-O-O b4 12. Na4 d6 13. Qe3 Qc7 14. h4 O-O 15. h5 Ne5 16. h6 g6 17. f4 Nxd3+ 18. Qxd3 Bd7 19. Qd4 e5 20. fxe5 dxe5 21. Qxb4 Bxa4 22. Qxa4 Rc8 23. Rd2 Qc6 24. Qa5 Qc7 25. Qa3 a5 26. Rhd1 Nc6 27. Qa4 Rb7 28. a3 Rcb8 29. Rd7 Qb6 30. Rxb7 Qxb7 31. Kb1 Qc7 32. Qc4 Re8 33. Nxa5 Qxa5 34. Qxc6 Qa8 35. Qf6 1-0

[Event "Pillsbury"]
[Site "Gatineau CAN"]
[Date "2026.02.24"]
[Round "7"]
[White "Filion, Samuel"]
[Black "Azar, Sebastien"]
[Result "0-1"]
[WhiteElo "1854"]
[BlackElo "2148"]
[WhiteFideId "-1"]
[BlackFideId "-1"]
[PlyCount "68"]
[GameId "2281831754457189"]
[EventDate "2026.01.05"]
[EventType "swiss"]
[EventRounds "7"]
[EventCountry "CAN"]

1. e4 c5 2. Nc3 d6 3. g3 Nc6 4. Bg2 g6 5. Nge2 Bg7 6. O-O e6 7. d3 Nge7 8. Bg5 h6 9. Be3 Nd4 10. Qd2 e5 11. Nd5 Nxd5 12. exd5 Nf5 13. Rab1 O-O 14. b4 b6 15. bxc5 bxc5 16. Rb3 Nxe3 17. fxe3 h5 18. e4 h4 19. Qe1 h3 20. Bf3 Qg5 21. Qc1 Qxc1 22. Nxc1 Bh6 23. Ne2 f5 24. Rbb1 c4 25. Nc3 cxd3 26. cxd3 Ba6 27. Nb5 fxe4 28. dxe4 Rac8 29. Be2 Rc2 30. Rxf8+ Kxf8 31. Bf1 Be3+ 32. Kh1 Bc8 33. Re1 Bc5 34. Be2 Rxe2 0-1

[Event "Pillsbury"]
[Site "Gatineau CAN"]
[Date "2026.02.24"]
[Round "7"]
[White "Thibeault, Alain"]
[Black "Rhayem, Haythem"]
[Result "0-1"]
[WhiteElo "1166"]
[BlackElo "1511"]
[WhiteFideId "-1"]
[BlackFideId "-1"]
[PlyCount "66"]
[GameId "2281831754481766"]
[EventDate "2026.01.05"]
[EventType "swiss"]
[EventRounds "7"]
[EventCountry "CAN"]

1. e4 c6 2. Nc3 d5 3. Nf3 a6 4. d4 dxe4 5. Nxe4 Nf6 6. Nxf6+ exf6 7. Bc4 Bd6 8. O-O O-O 9. Bd2 a5 10. a4 Bg4 11. h3 Bh5 12. g4 Bg6 13. Nh4 Be4 14. Re1 f5 15. Nxf5 Bxf5 16. gxf5 Nd7 17. Qg4 Nf6 18. Qg2 Re8 19. Bh6 Bf8 20. Kh1 Qxd4 21. Rg1 Ne4 22. Raf1 Qf6 23. Bd3 Nxf2+ 24. Qxf2 Qxh6 25. Qf3 Re3 26. Qg4 Rxh3+ 27. Kg2 Rh2+ 28. Kg3 Re8 29. Rg2 Bd6+ 30. Rf4 Bxf4+ 31. Kf2 Rxg2+ 32. Qxg2 Qh4+ 33. Kf3 Re3# 0-1

[Event "Pillsbury"]
[Site "Gatineau CAN"]
[Date "2026.02.24"]
[Round "7"]
[White "Schaper, Grant"]
[Black "Gagne, Raphael"]
[Result "1/2-1/2"]
[WhiteElo "1356"]
[BlackElo "1483"]
[WhiteFideId "-1"]
[BlackFideId "-1"]
[PlyCount "122"]
[GameId "2281831754502247"]
[EventDate "2026.01.05"]
[EventType "swiss"]
[EventRounds "7"]
[EventCountry "CAN"]

1. e4 c5 2. Nf3 Nc6 3. d4 cxd4 4. Nxd4 g6 5. Nxc6 bxc6 6. Nc3 Bg7 7. Bd2 Rb8 8. Qc1 d5 9. exd5 cxd5 10. Bb5+ Bd7 11. Bxd7+ Qxd7 12. O-O Nf6 13. Bf4 Rb6 14. Rb1 O-O 15. Bh6 Bxh6 16. Qxh6 Rfb8 17. Qc1 d4 18. Rd1 e5 19. Ne2 Qb5 20. Re1 Rc8 21. h3 Qa4 22. b3 Qxa2 23. Rb2 Qa3 24. Qb1 Qb4 25. Rd1 Nd5 26. Rd3 Qc5 27. Rd2 Nb4 28. Ng3 Qc7 29. Ne4 f5 30. Ng3 Rc6 31. Qa1 Nxc2 32. Qa4 e4 33. b4 Kh8 34. b5 Rc4 35. Qa6 Qb6 36. Qa2 Nb4 37. Qa3 Nd3 38. Rb3 Qc5 39. Qa6 Qb6 40. Qa3 R8c5 41. Ne2 Nc1 42. Nf4 Nxb3 43. Qxb3 Qxb5 44. Qa3 Qa5 45. Qb3 Qxd2 46. Qb8+ Rc8 47. Qe5+ Kg8 48. Nd5 Qc1+ 49. Kh2 R4c7 50. Qe6+ Kf8 51. Qd6+ Kg7 52. Qf6+ Kg8 53. Qe6+ Rf7 54. Ne7+ Kf8 55. Nxc8 Qc7+ 56. Nd6 Qd7 57. Qe5 Qc7 58. Qh8+ Ke7 59. Qe5+ Kf8 60. Qh8+ Ke7 61. Qe5+ Kf8 1/2-1/2

[Event "Pillsbury"]
[Site "Gatineau CAN"]
[Date "2026.02.24"]
[Round "7"]
[White "Viel, Simon"]
[Black "St-Amour, Mathieu"]
[Result "0-1"]
[WhiteElo "1464"]
[BlackElo "1360"]
[WhiteFideId "-1"]
[BlackFideId "-1"]
[PlyCount "52"]
[GameId "2281831754514536"]
[EventDate "2026.01.05"]
[EventType "swiss"]
[EventRounds "7"]
[EventCountry "CAN"]
[TimeControl "90+30"]

1. e4 c5 2. c3 Nf6 3. e5 Nd5 4. d4 cxd4 5. Nf3 Nc6 6. cxd4 d6 7. Bc4 Nb6 8. Bb5 a6 9. Ba4 Nxa4 10. Qxa4 b5 11. Qb3 dxe5 12. Nxe5 Nxe5 13. dxe5 g6 14. O-O Bg7 15. f4 O-O 16. Nc3 Bb7 17. Rd1 Qb6+ 18. Kh1 Qf2 19. Rg1 Rad8 20. Nd1 Qe2 21. Nc3 Qg4 22. Be3 Rd3 23. Rae1 Qh3 24. Nd5 Rxb3 25. gxh3 Bxd5+ 26. Rg2 Bxg2+ 0-1